Eastern Utah Libraries Catalog: Duchesne, Heber, Roosevelt, & Vernal

Press here / (Record no. 248229)

MARC details
000 -LEADER
fixed length control field 03756nam a2200697 i 4500
001 - CONTROL NUMBER
control field 2848359
005 - DATE AND TIME OF LATEST TRANSACTION
control field 20190829113208.0
008 - FIXED-LENGTH DATA ELEMENTS--GENERAL INFORMATION
fixed length control field 190114s2019 caua a 000 1 eng d
020 ## - INTERNATIONAL STANDARD BOOK NUMBER
International Standard Book Number 9781452178592 :
Terms of availability $8.99
020 ## - INTERNATIONAL STANDARD BOOK NUMBER
International Standard Book Number 1452178593 :
Terms of availability $8.99
020 ## - INTERNATIONAL STANDARD BOOK NUMBER
Cancelled/invalid ISBN 9780811879545
035 ## - SYSTEM CONTROL NUMBER
System control number (OCoLC)1079352754
035 ## - SYSTEM CONTROL NUMBER
System control number (OCoLC)on1079352754
035 ## - SYSTEM CONTROL NUMBER
System control number 2822561
040 ## - CATALOGING SOURCE
Original cataloging agency PABRO
Language of cataloging eng
Transcribing agency PABRO
041 1# - LANGUAGE CODE
Language code of text/sound track or separate title eng
Language code of original and/or intermediate translations of text fre
049 ## - LOCAL HOLDINGS (OCLC)
Holding library IGAA
050 #4 - LIBRARY OF CONGRESS CALL NUMBER
Classification number PZ7.T82314
Item number Pr 2019
082 04 - DEWEY DECIMAL CLASSIFICATION NUMBER
Classification number [E]
Edition number 23
092 ## - LOCALLY ASSIGNED DEWEY CALL NUMBER (OCLC)
Classification number E
999 ## - SYSTEM CONTROL NUMBERS (KOHA)
Koha Dewey Subclass [OBSOLETE] E
100 1# - MAIN ENTRY--PERSONAL NAME
Personal name Tullet, Hervé,
Relator term author.
9 (RLIN) 5686536
240 10 - UNIFORM TITLE
Uniform title <a href="Livre.">Livre.</a>
Language of a work English
245 10 - TITLE STATEMENT
Title Press here /
Statement of responsibility, etc Hervé Tullet ; translated by Christopher Franceschelli.
250 ## - EDITION STATEMENT
Edition statement Board book edition.
264 #1 - Publisher, distributor, etc.
Place of production, publication, distribution, manufacture San Francisco, California :
Name of producer, publisher, distributor, manufacturer Handprint Books, an imprint of Chronicle Books LLC,
Date of production, publication, distribution, manufacture, or copyright notice 2019.
300 ## - PHYSICAL DESCRIPTION
Extent 1 volume (unpaged) :
Other physical details color illustrations ;
Dimensions 16 cm
336 ## - CONTENT TYPE
Content type term text
337 ## - MEDIA TYPE
Media type term unmediated
338 ## - CARRIER TYPE
Carrier type term volume
500 ## - GENERAL NOTE
General note Cover title.
500 ## - GENERAL NOTE
General note On board pages.
520 ## - SUMMARY, ETC.
Summary, etc Using no special effects other than the reader's imagination, a series of dots multiplies, grows, or changes color by pressing, tilting, or blowing on the previous page.
521 1# - TARGET AUDIENCE NOTE
Target audience note 3-6
Source Brodart.
521 2# - TARGET AUDIENCE NOTE
Target audience note P-1
Source Brodart.
650 #1 - SUBJECT ADDED ENTRY--TOPICAL TERM
Topical term or geographic name as entry element Imagination
Form subdivision Fiction.
9 (RLIN) 5674599
650 #1 - SUBJECT ADDED ENTRY--TOPICAL TERM
Topical term or geographic name as entry element Color
Form subdivision Fiction.
9 (RLIN) 5674644
650 #1 - SUBJECT ADDED ENTRY--TOPICAL TERM
Topical term or geographic name as entry element Pattern perception
Form subdivision Fiction.
9 (RLIN) 5797946
650 #0 - SUBJECT ADDED ENTRY--TOPICAL TERM
Topical term or geographic name as entry element Imagination
Form subdivision Juvenile fiction.
9 (RLIN) 5676283
650 #0 - SUBJECT ADDED ENTRY--TOPICAL TERM
Topical term or geographic name as entry element Color
Form subdivision Juvenile fiction.
9 (RLIN) 5674642
650 #0 - SUBJECT ADDED ENTRY--TOPICAL TERM
Topical term or geographic name as entry element Pattern perception
Form subdivision Juvenile fiction.
9 (RLIN) 5797947
650 #7 - SUBJECT ADDED ENTRY--TOPICAL TERM
Topical term or geographic name as entry element JUVENILE FICTION / Concepts / Colors
Source of heading or term bisacsh
9 (RLIN) 5687177
700 1# - ADDED ENTRY--PERSONAL NAME
Personal name Franceschelli, Christopher.
9 (RLIN) 5683240
942 ## - ADDED ENTRY ELEMENTS (KOHA)
Source of classification or shelving scheme Dewey Decimal Classification
Item type BOOK
948 ## - LOCAL PROCESSING INFORMATION (OCLC); SERIES PART DESIGNATOR (RLIN)
Series part designator, SPT (RLIN) BFG
b (OCLC) CHILDREN'S
p (OCLC) X119985018
k (OCLC) J
h (OCLC) E
f (OCLC) 1
r (OCLC) 2
g (OCLC) 1
7 (OCLC) 0
u (OCLC) 3
w (OCLC) 11
s (OCLC) 0
o (OCLC) BFG
0 (OCLC) $8.99
y (OCLC) 99
c (OCLC) 11
j (OCLC) Dewey Decimal
n (OCLC) On-Order
e (OCLC) 1528647-6
9 (OCLC) Item generated May 13 2019 11:38AM
948 ## - LOCAL PROCESSING INFORMATION (OCLC); SERIES PART DESIGNATOR (RLIN)
Series part designator, SPT (RLIN) BPF
b (OCLC) CHILDREN'S
p (OCLC) X119985026
k (OCLC) J
h (OCLC) E
f (OCLC) 1
r (OCLC) 2
g (OCLC) 1
7 (OCLC) 0
u (OCLC) 3
w (OCLC) 11
s (OCLC) 0
o (OCLC) BPF
0 (OCLC) $8.99
y (OCLC) 99
c (OCLC) 11
j (OCLC) Dewey Decimal
n (OCLC) On-Order
e (OCLC) 1528647-7
9 (OCLC) Item generated May 13 2019 11:38AM
948 ## - LOCAL PROCESSING INFORMATION (OCLC); SERIES PART DESIGNATOR (RLIN)
Series part designator, SPT (RLIN) CCL
b (OCLC) CHILDREN'S
p (OCLC) X119985034
k (OCLC) J
h (OCLC) E
f (OCLC) 1
r (OCLC) 2
g (OCLC) 1
7 (OCLC) 0
u (OCLC) 3
w (OCLC) 11
s (OCLC) 0
o (OCLC) CCL
0 (OCLC) $8.99
y (OCLC) 99
c (OCLC) 11
j (OCLC) Dewey Decimal
n (OCLC) On-Order
e (OCLC) 1528647-8
9 (OCLC) Item generated May 13 2019 11:38AM
948 ## - LOCAL PROCESSING INFORMATION (OCLC); SERIES PART DESIGNATOR (RLIN)
Series part designator, SPT (RLIN) BRF
b (OCLC) CHILDREN'S
p (OCLC) X119985042
k (OCLC) J
h (OCLC) E
f (OCLC) 1
r (OCLC) 2
g (OCLC) 1
7 (OCLC) 0
u (OCLC) 3
w (OCLC) 11
s (OCLC) 0
o (OCLC) BRF
0 (OCLC) $8.99
y (OCLC) 99
c (OCLC) 11
j (OCLC) Dewey Decimal
n (OCLC) On-Order
e (OCLC) 1528647-3
9 (OCLC) Item generated May 13 2019 11:38AM
948 ## - LOCAL PROCESSING INFORMATION (OCLC); SERIES PART DESIGNATOR (RLIN)
Series part designator, SPT (RLIN) BMK
b (OCLC) CHILDREN'S
p (OCLC) X119985059
k (OCLC) J
h (OCLC) E
f (OCLC) 1
r (OCLC) 2
g (OCLC) 1
7 (OCLC) 0
u (OCLC) 3
w (OCLC) 11
s (OCLC) 0
o (OCLC) BMK
0 (OCLC) $8.99
y (OCLC) 99
c (OCLC) 11
j (OCLC) Dewey Decimal
n (OCLC) On-Order
e (OCLC) 1528647-4
9 (OCLC) Item generated May 13 2019 11:38AM
948 ## - LOCAL PROCESSING INFORMATION (OCLC); SERIES PART DESIGNATOR (RLIN)
Series part designator, SPT (RLIN) BHH
b (OCLC) CHILDREN'S
p (OCLC) X119985067
k (OCLC) J
h (OCLC) E
f (OCLC) 1
r (OCLC) 2
g (OCLC) 1
7 (OCLC) 0
u (OCLC) 3
w (OCLC) 11
s (OCLC) 0
o (OCLC) BHH
0 (OCLC) $8.99
y (OCLC) 99
c (OCLC) 11
j (OCLC) Dewey Decimal
n (OCLC) On-Order
e (OCLC) 1528647-1
9 (OCLC) Item generated May 13 2019 11:38AM
948 ## - LOCAL PROCESSING INFORMATION (OCLC); SERIES PART DESIGNATOR (RLIN)
Series part designator, SPT (RLIN) BGP
b (OCLC) CHILDREN'S
p (OCLC) X119985075
k (OCLC) J
h (OCLC) E
f (OCLC) 1
r (OCLC) 2
g (OCLC) 1
7 (OCLC) 0
u (OCLC) 3
w (OCLC) 11
s (OCLC) 0
o (OCLC) BGP
0 (OCLC) $8.99
y (OCLC) 99
c (OCLC) 11
j (OCLC) Dewey Decimal
n (OCLC) On-Order
e (OCLC) 1528647-5
9 (OCLC) Item generated May 13 2019 11:38AM
948 ## - LOCAL PROCESSING INFORMATION (OCLC); SERIES PART DESIGNATOR (RLIN)
Series part designator, SPT (RLIN) BNO
b (OCLC) CHILDREN'S
p (OCLC) X119985083
k (OCLC) J
h (OCLC) E
f (OCLC) 1
r (OCLC) 2
g (OCLC) 1
7 (OCLC) 0
u (OCLC) 3
w (OCLC) 11
s (OCLC) 0
o (OCLC) BNO
0 (OCLC) $8.99
y (OCLC) 99
c (OCLC) 11
j (OCLC) Dewey Decimal
n (OCLC) On-Order
e (OCLC) 1528647-2
9 (OCLC) Item generated May 13 2019 11:38AM
Holdings
Withdrawn status Lost status Source of classification or shelving scheme Damaged status Not for loan Collection code Home library Current library Shelving location Date acquired Source of acquisition Cost, normal purchase price Total Checkouts Total Renewals Full call number Barcode Date last seen Date last borrowed Cost, replacement price Price effective from Koha item type
    Dewey Decimal Classification   Not For Loan Children Reference Professional Use Wasatch County Library Wasatch County Library Work Area 09/11/2012 Amazon 15.99 36 28 E Tullet 34301001118803 01/24/2025 01/14/2025 15.99 03/20/2020 STAFF
    Dewey Decimal Classification     Children Picture Books Wasatch County Library Wasatch County Library Main Floor Childrens Area 10/14/2025 Donation   1   E Tullet 34301002169862 02/10/2026 02/03/2026 15.99 10/14/2025 BOOK
This project was made possible through a grant from the Institute of Museum and Library Service administered by the Utah State Library Division.

Wasatch County Library

  • 465 East 1200 South, Heber City, Utah 84032
  • Phone 435-654-1511 | Fax 435-654-6456

Hours

  • Monday - Friday 9:30 AM - 8:00 PM
  • Saturday 9:30 AM - 1:30 PM
  • Closed Sundays and Holidays